• 首页
  • 本馆介绍
  • 公告通知
  • 最新文献
  • 馆藏检索
  • 电子资源
  • 读者导购
  • 参考咨询
  • 我的图书馆
  • 登录
  • 详细信息显示
  • 放入我的书架
  • 预约/预借图书
  • 作者相关作品
  • 分类相关作品
  • 丛书相关作品
  • 出版社相关作品

书目信息

  • 表格格式
  • 工作单格式
  • 卡片格式
题名:
水生植物
    
 
作者: 吴棣飞 , 姚一麟 主编
分册:  
出版信息: 北京   中国电力出版社  2011
页数: 186页
开本: 25cm
丛书名: 园林植物图鉴丛书
单 册:
中图分类: S682.32-64
科图分类:
主题词: 水生植物--图谱 , 水生植物
电子资源:
ISBN: 978-7-5123-1695-9
000 00909oam2 2200277 45
001 1355427952
005 20130513150302.64
010    @a978-7-5123-1695-9@dCNY69.00
100    @a20130108d2011 em y0chiy50 ea
101 0  @achi
102    @aCN@b110000
105    @aa z 000yy
106    @ar
200 1  @a水生植物@AShui Sheng Zhi Wu@f吴棣飞,姚一麟主编@FWu Di Fei, Yao Yi Lin Zhu Bian
210    @a北京@c中国电力出版社@d2011
215    @a186页@d25cm
225 2  @a园林植物图鉴丛书
330    @a本书详细介绍了水生植物,如挺水植物、漂浮植物、浮叶植物等不同植物的学名(拉丁名)、科属、形态特征、产地习性、栽培繁殖、园林应用。
461  0 @12001 @a园林植物图鉴丛书
606 0  @a水生植物@j图谱
606 0  @a水生植物
690    @aS682.32-64@v5
701  0 @a吴棣飞@AWu Di Fei@4主编
701  0 @a姚一麟@AYao Yi Lin@4主编
801    @aCN@bTANGWEI@c20130111
905    @b0831289-91@dS682.32-64@e253@f3
    
    水生植物/吴棣飞,姚一麟主编.-北京:中国电力出版社,2011
    186页;25cm.-(园林植物图鉴丛书)
    
    
    ISBN 978-7-5123-1695-9:CNY69.00
    本书详细介绍了水生植物,如挺水植物、漂浮植物、浮叶植物等不同植物的学名(拉丁名)、科属、形态特征、产地习性、栽培繁殖、园林应用。
●
相关链接 在E读中查询图书 在五车中查询图书 在当当中查询图书 在豆瓣中查询图书


正题名:水生植物     索取号:S682.32-64/253         预约/预借

序号 登录号 条形码 馆藏地/架位号 状态 备注
1 0831289   208312896   第二样本阅览室/ [索取号:S682.32-64/253] 在馆    
2 0831290   208312903   第三借阅区/ [索取号:S682.32-64/253] 在馆    
3 0831291   208312912   第三借阅区/ [索取号:S682.32-64/253] 在馆    
唐山师范学院图书馆 欢迎您!
大连网信软件有限公司© 版权所有